| 000 | 00371 a2200157 4500 | ||
|---|---|---|---|
| 003 | Nust | ||
| 005 | 20170207154116.0 | ||
| 040 | _cNust | ||
| 082 | _a297.63 | ||
| 100 | _amolana saed sleman nadvi | ||
| 245 |
_aSirat-u- nabvi _cmolana saed nadvi (rh ) |
||
| 250 | _avol.7 | ||
| 260 |
_aislamabad _bmanza press _c1993 |
||
| 300 | _a191p; | ||
| 538 | _aAlmirah No.66, Shelf No.3 | ||
| 942 |
_2ddc _cBK |
||
| 999 |
_c194103 _d194103 |
||